Диплом із Мюнхена (Запис № 297187)

МАРК-запис
000 -Лідер
fixed length control field 00812nam a22001817a 4500
003 - Ідентифікатор контрольного номера
control field UA-OsUOA
001 - Контрольний номер
control field 11026
007 - Фіксоване поле фізичного опису
fixed length control field ta
008 - Елементи даних фіксованої довжини – загальна інформація
fixed length control field 20050217b un ||||| |||| 00| 0 ukr d
040 ## - Джерело каталогізації
Агенція оригінальної каталогізації UA-OsUOA
Агенція, яка здійснювала перезапис UA-OsUOA
Агенція, яка здійснювала модифікацію UA-OsUOA
100 ## - Основне введення – ім’я особи
Ім’я особи (НП) Кохан В.
245 ## - Відомості про назву
Назва (НП) Диплом із Мюнхена
Решта назви (НП) [Диплом д-ра філос., присудж. Укр. Вільним Ун-том, що у Мюнхені (Німеччина), отримав член Нац. Спілки письм. України, відомий літературознавець і публіцист Сергій Козак, уродженець Костополя]
300 ## - Фізичний опис
Обсяг С.1
650 #7 - Додаткове предметне введення – тематичний термін
Тематичний термін чи географічна назва, як елемент введення (НП) Козак С.
Джерело заголовка чи терміна UDC
773 0# - Введення хост-одиниці (П)
Контрольний номер запису (П) 0
Назва (НП) Вісті Рівненщини
Місце, видавець та дата видання (НП) Рівне
-- 2005
Інформація про взаємозв’язок (П) №13/16 лют./
942 ## - Додаткові елементи входу (Коха)
Тип елемента Koha Стаття періодики
955 ## - Код типу видання за змістом
Код типу видання за змістом (НП) інше

Немає доступних примірників.